000 00268nam a2200097Ia 4500
001 1195968
005 20250827021757.0
008 250824s9999 xx 000 0 und d
245 0 _aAYDINLIK KAPI
_cHALİDE NUSRET ZORLUTUNA
260 _bT.C. KÜLTÜR BAKANLIĞI YAYINLARI
999 _c1195968
_d1195968